Countries With "K" - Statistics

General Stats
  • This quiz has been taken 2,422 times
  • The average score is 14 of 20
Answer Stats
Answer % Correct
Kazakhstan
89%
Kenya
85%
Kyrgyzstan
82%
Kiribati
80%
Kuwait
80%
Kosovo
79%
Turkmenistan
79%
United Kingdom
78%
Uzbekistan
75%
Pakistan
74%
Turkey
74%
South Korea
72%
Tajikistan
72%
North Korea
71%
Ukraine
65%
Denmark
56%
Slovakia
56%
St Kitts and Nevis
50%
Burkina Faso
47%
Sri Lanka
45%
No matching quizzes found
Score Distribution
Percent of People with Each Score
Percentile by Number Answered
Your Score History
You have not taken this quiz